LEADER 01000cam0-22003251i-450- 001 990000216510403321 005 20061110122318.0 035 $a000021651 035 $aFED01000021651 035 $a(Aleph)000021651FED01 035 $a000021651 100 $a20020821g19091911km-y0itay50------ba 101 1 $afre$ceng 102 $aFR 105 $ay-------001yy 200 1 $aTraité théorique et pratique des machines dynamo-électriques$fSilvanus P. Thompson$gtraduit et adapté de l'anglaissur la 7. ed. par E. Boistel 205 $a4e ed. francaise 210 $aParis$cCh. Béranger$d1909-1911 215 $a2 v.$d25 cm 327 1 $a1.: Courants continu$a2.: Courants alternatifs 610 0 $aMacchine elettriche 676 $a621.313 700 1$aThompson,$bSilvanus P.$f<1851-1916> 801 0$aIT$bUNINA$gRICA$2UNIMARC 901 $aBK 912 $a990000216510403321 952 $a13 L 13 05$b1575$fFINBC 952 $a13 L 13 06$b4170$fFINBC 959 $aFINBC 997 $aUNINA LEADER 03678nam 2200553 450 001 9910792538403321 005 20230810001931.0 010 $a3-11-051597-0 010 $a3-11-051719-1 024 7 $a10.1515/9783110517194 035 $a(CKB)3710000001041811 035 $a(MiAaPQ)EBC4810122 035 $a(DE-B1597)472882 035 $a(OCoLC)979906695 035 $a(DE-B1597)9783110517194 035 $a(Au-PeEL)EBL4810122 035 $a(CaPaEBR)ebr11349317 035 $a(OCoLC)960033456 035 $a(EXLCZ)993710000001041811 100 $a20170904h20172017 uy 0 101 0 $ager 135 $aurcnu|||||||| 181 $2rdacontent 182 $2rdamedia 183 $2rdacarrier 200 14$aDas Althochdeutsche aus textlinguistischer Sicht $esoziopragmatische Einordnung und ausgewa?hlte textgrammatische Studien /$fChristian Braun 210 1$aBerlin, [Germany] ;$aBoston, [Massachusetts] :$cDe Gruyter,$d2017. 210 4$d©2017 215 $a1 online resource (380 pages) 225 1 $aLingua Historica Germanica,$x2363-7951 ;$vBand 14 311 $a3-11-051595-4 327 $tFrontmatter -- $tVorwort -- $tInhalt -- $t1. Einleitung -- $t2. Der Text als Gegenstand linguistischer Betrachtung -- $t3. Theoretische Grundlagen -- $t4. Das Althochdeutsche aus textlinguistischer Sicht -- $t5. Soziopragmatische Klassifikationsfaktoren althochdeutscher Texte -- $t6. Parametergestützte Auswertungen und Überlegungen -- $t7. Ausgewählte textgrammatische Studien althochdeutscher Texte -- $t8. Zusammenfassung und Ausblick -- $tVerzeichnisse, Quellen- und Bildnachweise -- $tAbbildungsverzeichnis -- $tLiteraturverzeichnis 330 $aDie vorliegende Studie untersucht das Althochdeutsche erstmalig aus einer dezidiert textlinguistischen Perspektive. Hierzu wird das Gros der althochdeutschen Textdenkmäler zuerst einer soziopragmatischen Einordnung unterzogen. Im Anschluss werden ausgewählte Texte aus dem Kommunikationsbereich der pastoralen Seelsorge bzw. des Gottesdienstes textgrammatisch analysiert. Die Kombination von sozio- und systemlinguistischem Ansatz ermöglicht profunde Aussagen über die an die Texte gestellten kommunikativen Aufgaben und deren erfolgreiche Umsetzung. Für beide Analyseschritte werden theoretisch reflektierte Systematiken entwickelt. Der aus zwei sich ergänzenden Perspektiven (soziolinguistisch und textgrammatisch) erfolgende Zugriff auf das Althochdeutsche stellt eine qualitativ neue Bearbeitung des Forschungsgegenstandes dar, setzt wichtige Impulse für eine Auseinandersetzung mit dem Thema und regt zudem dazu an, die entwickelten Analyseinstrumentarien an weiteren historischen Sprachstufen zu erproben. ????? 330 $aFor the first time, this study describes Old High German using the comprehensive approach of text linguistics. It starts by examining the linguistic characteristics of Old High German in its contextual frameworks from a sociopragmatic perspective. It then proceeds to a text grammatical analysis of selected texts. Combining these two approaches yields new insights. 410 0$aLingua historica Germanica ;$vBand 14. 606 $aGerman literature$yOld High German, 750-1050$xCriticism, textual 610 $aHistorical Linguistics. 610 $aMiddle Ages. 610 $aText Linguistics. 615 0$aGerman literature$xCriticism, textual. 676 $a830.9/001 700 $aBraun$b Christian$f1971-$01066499 801 0$bMiAaPQ 801 1$bMiAaPQ 801 2$bMiAaPQ 906 $aBOOK 912 $a9910792538403321 996 $aDas Althochdeutsche aus textlinguistischer Sicht$93778465 997 $aUNINA LEADER 03181oam 2200625 c 450 001 9910563017503321 005 20240525094506.0 024 7 $a10.3726/b14117 035 $a(CKB)5450000000174197 035 $a(oapen)https://directory.doabooks.org/handle/20.500.12854/36240 035 $a(PH02)9783631756157 035 $a(oapen)doab36240 035 $a(EXLCZ)995450000000174197 100 $a20240525h20181994 uy 0 101 0 $ager 135 $aurnnunnnannuu 181 $ctxt$2rdacontent 182 $cc$2rdamedia 183 $acr$2rdacarrier 200 00$aZum gesellschaftlichen Nutzen pharmazeutischer Innovationen$fEberhard Wille, Eberhard Wille, Angelika Mehnert, Jan Philipp Rohweder 205 $a1st, New ed. 210 $aFrankfurt a.M$cPH02$d2018 210 $d2018, c1994 215 $a1 online resource (115 p.)$c, EPDF 225 0 $aAllokation im marktwirtschaftlichen System$v35 300 $aPeter Lang GmbH, Internationaler Verlag der Wissenschaften 311 08$a3-631-75615-1 327 $aAus dem Inhalt: Entwicklung von Gesundheits- und Arzneimittelausgaben - Nutzenspektrum phamazeutischer Innovationen - In- und Outputebenen im Gesundheitswesen - Dimensionen gesundheitlicher Outcomeindikatoren - Innovation versus Imitation im Arzneimittelsektor - Gesundheitsreformgesetz und Arzneimittelmarkt. 330 $aUm den gesellschaftlichen Nutzen pharmazeutischer Innovationen abzuscha?tzen, bedarf es ada?quater Beurteilungskriterien. Nach einem empirischen Abriß u?ber die Entwicklung der Arzneimittelausgaben ero?rtern die Autoren die beurteilungsrelevanten gesamtwirtschaftlichen Ziele. Auf mikroo?konomischer Basis bietet sich zur Ermittlung der Nu?tzlichkeit von Arzneimitteln die Kosten-Nutzen-Analyse an. Im Prozeß gesundheitlicher Leistungserstellung nimmt das Arzneimittel den Rang eines Produktionsfaktors ein, der zumeist in Verbindung mit anderen Behandlungsarten eine Verbesserung des Gesundheitszustandes erzeugt. Dabei besitzen unter Effektivita?ts- und Effizienzaspekten Innovations- und Imitationsprodukte unterschiedliche allokative Funktionen. Die beinahe weltweiten gesundheitspolitischen Regulierungen begu?nstigen die Imitationen und drohen damit die Forschungsanreize zu reduzieren. 606 $aHealth economics$2bicssc 606 $aWelfare economics$2bicssc 606 $aBusiness studies: general$2bicssc 606 $aMedical sociology$2bicssc 606 $aPharmacology$2bicssc 610 $agesellschaftlichen 610 $aInnovationen 610 $aNutzen 610 $apharmazeutischer 610 $aWille 615 7$aHealth economics 615 7$aWelfare economics 615 7$aBusiness studies: general 615 7$aMedical sociology 615 7$aPharmacology 700 $aWille$b Eberhard$4auth$0890953 702 $aWille$b Eberhard$4edt 702 $aWille$b Eberhard$4aut 702 $aMehnert$b Angelika$4aut 702 $aRohweder$b Jan Philipp$4aut 801 0$bPH02 801 1$bPH02 906 $aBOOK 912 $a9910563017503321 996 $aZum gesellschaftlichen Nutzen pharmazeutischer Innovationen$93036105 997 $aUNINA